Modele Samolotów pasażerskich - Nagła Śmierć - Statystyki

Ogólne statystyki
  • Ten quiz został rozwiązany 659 razy
  • Średni wynik to 5 z 15
Answers on the Grid
Answers color-coded by a green-red scale on the quiz's grid according to % correct below.
Airbus a320
Airbus a220
Airbus a360
Airbus a 380
Boeing 797
Embraer 175
Douglas DC 8
McDonnell Douglas MD 100
Bombardier Q400
Atr 24
Concord
Antonov AN 24
Yakolev Yak 40
Tupolev Tu 100
Boeing 737
Tupolev Tu 200
Cessna 195
Cessna 335
Cessna 321
Tupolew Tu-114
Model Cessny C-165
Cessna 188
Cessna 308
Boeind 707
Airbus A300
Cessna 325
Iliuszyn Ił 62
Iliuszyn ił 76
 
Statystyki odpowiedzi
Odpowiedź % Poprawnych
Airbus a320
90%
Airbus a220
68%
Airbus a 380
61%
Embraer 175
48%
Boeing 737
41%
Douglas DC 8
35%
Concord
33%
Bombardier Q400
28%
Airbus A300
26%
Antonov AN 24
22%
Iliuszyn Ił 62
18%
Iliuszyn ił 76
17%
Tupolew Tu-114
14%
Boeind 707
12%
Yakolev Yak 40
12%
Nie znaleziono quizów pasujących do podanych kryteriów
Rozkład punktacji
Procent ludzi z każdym wynikiem
Percentyl według liczby udzielonych odpowiedzi
Twoja historia wyników
Nie rozwiązałeś tego quizu